The Calvo clause ; a problem of inter-American and inter-national law and diplomacy.

Bibliographic Details
Main Author: Shea, Donald R.
Format: Book
Language:English
Published: Minneapolis : University of Minnesota Press, [1955]
Subjects:

MARC

Tag First Indicator Second Indicator Subfields
LEADER 00000cam a2200000 4500
001 in00000063796
005 20151008050654.0
008 721201s1955 mnu b 00000 eng u
010 |a  55009371  
035 |a (OCoLC)00505798 
035 |9 AAG2515AM 
040 |c WSU  |d TXA  |d UtOrBLW 
049 |a TXAM  |c [263839] 
050 0 |a JX5485.C2  |b S45 
092 |a 323.67  |b S539c 
100 1 |a Shea, Donald R. 
245 1 4 |a The Calvo clause ;  |b a problem of inter-American and inter-national law and diplomacy. 
264 1 |a Minneapolis :  |b University of Minnesota Press,  |c [1955] 
300 |a 323 pages 
336 |a text  |b txt  |2 rdacontent 
337 |a unmediated  |b n  |2 rdamedia 
338 |a volume  |b nc  |2 rdacarrier 
504 |a Bibliography: pages 291-306. 
650 0 |a Calvo doctrine and clause. 
999 |a MARS 
999 f f |s 715ba130-cd13-3f5a-9cf6-45d3322fb683  |i f1818bfe-7db6-3bd5-a214-76452076ac64  |t 0 
952 f f |p ric  |a Texas A&M University  |b Rellis Campus  |c Joint Library Facility  |d Remote Storage  |t 0  |e JX5485.C2 S45  |h Library of Congress classification  |i unmediated -- volume  |m A14800667582 
998 f f |a JX5485.C2 S45  |t 0  |l Remote Storage